00224nam a2200097Ia 4500008004100000041001200041100001600053245004500069260000600114650000600120221030s9999 xx 000 0 und d aEnglish aC. L. Arora 0aB. Sc. Practical Physicscby C. L. Arora c0 aB